Ceramic Art of the Malibu Potteries 1926-1932 (Record no. 2088)

MARC details
000 -CABECERA
campo de control de longitud fija 00848nam a2200229 a 4500
001 - NÚMERO DE CONTROL
campo de control BRCA_2345
005 - FECHA Y HORA DE LA ÚLTIMA TRANSACCIÓN
campo de control 20190320203753.0
008 - DATOS DE LONGITUD FIJA--INFORMACIÓN GENERAL
campo de control de longitud fija 091008s1994----caua---###---#000-0#eng-#
020 ## - NÚMERO INTERNACIONAL ESTÁNDAR DEL LIBRO
Número Internacional Estándar del Libro 0295973722
050 #4 - SIGNATURA TOPOGRÁFICA DE LA BIBLIOTECA DEL CONGRESO
Número de clasificación NK4027
Número de documento/Ítem .R56 1994
100 1# - ENTRADA PRINCIPAL--NOMBRE DE PERSONA
Nombre de persona Rindge, Ronald L.
9 (RLIN) 7042
245 10 - MENCIÓN DE TÍTULO
Título Ceramic Art of the Malibu Potteries 1926-1932
Mención de responsabilidad, etc. by Ronald L. Rindge and Thomas W. Doyle ... [et al.] ; edited by Marcia Page.
260 ## - PUBLICACIÓN, DISTRIBUCIÓN, ETC.
Lugar de publicación, distribución, etc. Malibu, California
Nombre del editor, distribuidor, etc. The Malibu Lagoon Museum
Fecha de publicación, distribución, etc. 1994
300 ## - DESCRIPCIÓN FÍSICA
Extensión 130 p.
Otras características físicas il. (algunas a color)
Dimensiones 27 cm.
500 ## - NOTA GENERAL
Nota general Incluye índice de números e índice de ilustraciones
504 ## - NOTA DE BIBLIOGRAFÍA, ETC.
Nota de bibliografía, etc. Bibliografía : p. 123-124
650 14 - PUNTO DE ACCESO ADICIONAL DE MATERIA--TÉRMINO DE MATERIA
Término de materia o nombre geográfico como elemento de entrada Cerámica americana
Subdivisión cronológica Siglo XX
Subdivisión geográfica Malibu
9 (RLIN) 7043
650 14 - PUNTO DE ACCESO ADICIONAL DE MATERIA--TÉRMINO DE MATERIA
Término de materia o nombre geográfico como elemento de entrada Mosaico
Subdivisión general Historia
Subdivisión cronológica Siglo XX
Subdivisión geográfica Malibu
9 (RLIN) 7044
700 1# - PUNTO DE ACCESO ADICIONAL--NOMBRE DE PERSONA
Nombre de persona Doyle, Thomas W
9 (RLIN) 7045
700 1# - PUNTO DE ACCESO ADICIONAL--NOMBRE DE PERSONA
Nombre de persona Page, Marcia
9 (RLIN) 7046
942 ## - ELEMENTOS DE PUNTO DE ACCESO ADICIONAL (KOHA)
Fuente del sistema de clasificación o colocación Library of Congress Classification
Tipo de ítem Koha Libros
Holdings
Estado de retiro Estado de pérdida Estado dañado No para préstamo Localización permanente Ubicación/localización actual Fecha de adquisición Total de préstamos Signatura topográfica completa Código de barras Fecha visto por última vez Precio válido a partir de Tipo de ítem Koha
El ejemplar forma parte de la colección y puede ser consultado según las políticas vigentes.       Biblioteca del Museo Franz Mayer (Rogerio Casas-Alatriste) Biblioteca del Museo Franz Mayer (Rogerio Casas-Alatriste) 07/10/2008   NK4027 .R56 1994 00818 22/03/2019 22/03/2019 Libros